| 000 | 00680nam a2200205 a 4500 | ||
|---|---|---|---|
| 001 | 000044066 | ||
| 005 | 20201002045127.0 | ||
| 008 | 140515s1979 sp 000 0 spa d | ||
| 020 | _a8402062113 | ||
| 100 | 1 |
_aWilhelm, Kate _972057 |
|
| 240 | 1 | 0 |
_aWhere late the sweet birds sang _lespañol |
| 245 | 1 | 0 |
_aDonde solían cantar los dulces pájaros. / _cKate Wilhelm ; traducción de Beatriz Podestá. |
| 260 |
_aBarcelona : _bBruguera, _c1979. |
||
| 300 |
_a250 p. ; _c19 cm. |
||
| 490 | 1 |
_aNova ciencia ficción _v25 |
|
| 586 | _aEn la cubierta: Premio Hugo 1977 | ||
| 700 | 1 | 2 |
_aPodestá, Beatriz _etr. _911083 |
| 830 | 0 |
_aNova ciencia ficción _v25 _972058 |
|
| 999 |
_c43555 _d43555 |
||
| 040 | _aDO-SdBNP | ||